| 000 | 00698nam a22002417a 4500 | ||
|---|---|---|---|
| 003 | CHAP | ||
| 005 | 20220329141802.0 | ||
| 008 | 971013s r 00010 d | ||
| 010 | _a73797 | ||
| 011 | _a74769 | ||
| 035 | _a84328 | ||
| 040 | _cCHAP | ||
| 090 | _aR-1318 | ||
| 100 | 0 | 0 |
_aHarmon, William E. _952765 |
| 245 | _aExperimental studies of compatibility of the isolated endemic, Lupinus niveus | ||
| 500 | _aSobretiro de: Trans. Missouri. Acad. Sci. 2: 83-90, 1968 | ||
| 590 |
_aBATCH-UPD _b10 _c20130110 _lUCH01 _h0554 |
||
| 590 |
_aCONVERSION _b10 _c20130109 _lUCH01 _h1340 |
||
| 650 | 1 | 4 |
_aLupinus. _969168 |
| 901 | _aBK | ||
| 942 | _cREIMP | ||
| 949 |
_bBC _cR _d-39593 _eTS1 _i84328 _si |
||
| 999 |
_c73797 _d73797 |
||